Rapid Prototyping : 3D Printing and Additive Manufacturing (Record no. 11046)

MARC details
000 -LEADER
fixed length control field 00477nam a22001817a 4500
003 - CONTROL NUMBER IDENTIFIER
control field OSt
008 - FIXED-LENGTH DATA ELEMENTS--GENERAL INFORMATION
fixed length control field 220104b ||||| |||| 00| 0 eng d
020 ## - INTERNATIONAL STANDARD BOOK NUMBER
International Standard Book Number 9780000987570
082 ## - DEWEY DECIMAL CLASSIFICATION NUMBER
Classification number 681.14 CHR
100 ## - MAIN ENTRY--PERSONAL NAME
Personal name CHUA,Chee Kai
245 ## - TITLE STATEMENT
Title Rapid Prototyping : 3D Printing and Additive Manufacturing
250 ## - EDITION STATEMENT
Edition statement 5th
260 ## - PUBLICATION, DISTRIBUTION, ETC. (IMPRINT)
Place of publication, distribution, etc Hyderabad
Name of publisher, distributor, etc World Scientific
Date of publication, distribution, etc 1st Reprint
300 ## - PHYSICAL DESCRIPTION
Extent 426
650 ## - SUBJECT ADDED ENTRY--TOPICAL TERM
Topical term or geographic name as entry element ME Electrical Vechile
700 ## - ADDED ENTRY--PERSONAL NAME
Personal name LEONG,Kah Fai
942 ## - ADDED ENTRY ELEMENTS (KOHA)
Source of classification or shelving scheme Dewey Decimal Classification
Koha item type Text Books
Holdings
Withdrawn status Lost status Source of classification or shelving scheme Damaged status Not for loan Collection code Home library Current library Date acquired Source of acquisition Currency Cost, normal purchase price Bill Number Total Checkouts Full call number Acc. no. / Barcode Date last seen Actual Cost, discounted price Bill Date Koha item type Date last borrowed
    Dewey Decimal Classification     B.Tech(ME) PIET C-LIBRARY PIET C-LIBRARY 24/12/2021 Kirti Praskshan IN Rupees 1495.00 GST-in 514   681.14 CHR 33359 04/01/2022 1121.25 24/12/2021 Text Books  
    Dewey Decimal Classification     B.Tech(ME) PIET C-LIBRARY PIET C-LIBRARY 24/12/2021 Kirti Praskshan IN Rupees 1495.00 GST-in 514 1 681.14 CHR 33360 05/07/2022 1121.25 24/12/2021 Text Books 22/06/2022
    Dewey Decimal Classification     B.Tech(ME) PIET C-LIBRARY PIET C-LIBRARY 19/04/2025 Zaffa Books INR 1795.00 ZBD0065   681.14 CHR 39521 25/04/2025 1346.25 19/04/2025 Reference Books  
    Dewey Decimal Classification     B.Tech(ME) PIET C-LIBRARY PIET C-LIBRARY 19/04/2025 Zaffa Books INR 1795.00 ZBD0065   681.14 CHR 39522 25/04/2025 1346.25 19/04/2025 Text Books  

Design & Developed by: PIET Central Library
R70 Miles Stone Pattikalyana Samalkha Panipat 132102
mail ID :- [email protected], Phone No:- 0180-2569700 Ex.216